The Intellectuals and the Masses / Pride and Prejudice among the Literary Intelligentsia, 1880-1939 (Record no. 5554)
[ view plain ]
| 000 -LEADER | |
|---|---|
| fixed length control field | 00931cam a22001934a 4500 |
| 005 - ΗΜΕΡΟΜΗΝΙΑ ΚΑΙ ΩΡΑ ΤΕΛΕΥΤΑΙΑΣ ΕΝΗΜΕΡΩΣΗΣ | |
| Πεδίο ελέγχου | 20250605164215.0 |
| 008 - FIXED-LENGTH DATA ELEMENTS--GENERAL INFORMATION | |
| Πεδίο ελέγχου σταθερού μήκους | 250528s ||||||||||||||||||||||||d |
| 035 ## - SYSTEM CONTROL NUMBER | |
| System control number | 20447 |
| 020 ## - ISBN | |
| ISBN | 571169260 |
| 040 ## - ΠΗΓΗ ΚΑΤΑΛΟΓΟΓΡΑΦΗΣΗΣ | |
| Φορέας πρωτότυπης καταλογογράφησης | MC Athens Campus Library |
| Γλώσσα καταλογογράφησης | Ελληνικά, Μοντέρνα (1453-) |
| Modifying agency | MC Athens Campus Library |
| Κανόνες περιγραφικής καταλογογράφησης | AACR2 |
| 245 1# - ΤΙΤΛΟΣ ΚΑΙ ΔΗΛΩΣΗ ΥΠΕΥΘΥΝΟΤΗΤΑΣ | |
| Τίτλος | The Intellectuals and the Masses / Pride and Prejudice among the Literary Intelligentsia, 1880-1939 |
| 260 ## - PUBLICATION, DISTRIBUTION, ETC. | |
| Name of publisher, distributor, etc. | Faber And Faber, |
| Date of publication, distribution, etc. | 1992 |
| 300 ## - PHYSICAL DESCRIPTION | |
| Extent | 248 |
| 520 ## - SUMMARY, ETC. | |
| Summary, etc. | Preface, Themes, The Revolt of the Masses, Rewriting the Masses, The Suburbs and the Clerks, Natural Aristocrats, Case Studies, George Gissing and the Ineducable Masses, H. G. Wells Against H. G. Wells, H. G. Wells Getting Rid of People, Narrowing the Abyss: Arnold Bennett Wyndham Lewis and Hitler, Wyndam Lewis and the Feminization of the West Adolf Hitler's Intellectual Programme, Postcript, Notes, Index. |
| 700 1# - ΠΡΟΣΘΕΤΗ ΑΝΑΓΡΑΦΗ--ΦΥΣΙΚΟ ΠΡΟΣΩΠΟ | |
| Personal name | Carey John |
| 9 (RLIN) | 6438 |
| 942 ## - ADDED ENTRY ELEMENTS (KOHA) | |
| Koha item type | Books |
| Τύπος τεκμηρίου | Βιβλιοθήκη | Τρέχουσα τοποθεσία | Barcode | Αριθμός εισαγωγής | Ημερομηνία απόκτησης | Ταξιθετικό σύμβολο | Αριθμός αντιτύπου | Κατάσταση απόσυρσης | Κατάσταση χαμένου | Κατάσταση κατεστραμμένου | Μη δανεισμός | Σύνολο δανεισμών | Ημερομηνία τελευταίας εμφάνισης | Η τιμή ισχύει από |
|---|---|---|---|---|---|---|---|---|---|---|---|---|---|---|
| Books | MC Athens Campus Library | MC Athens Campus Library | 9780000055538 | 6923 | 05/06/2025 | 305.552 CAR | 1 | 05/06/2025 | 05/06/2025 |